000 00316nam a22001217a 4500
008 160506b xxu||||| |||| 00| 0 eng d
020 _a9780805391626
020 _a0805391622
041 _aeng
080 _a61
245 _aMedical dosage calculations:June Looby Olsen; Anthony Patrick Giangrasso;
942 _2udc
_cBK
999 _c1840
_d1840